000 00617nam a2200241Ia 4500
005 20250425162044.0
008 250425s9999 xx 000 0 und d
041 _aeng
082 _a519.4
100 _aMCCRACKEN, DANIEL D
245 0 _aNUNERICAL METHODS AND FORTRAN PROGRAMMING
250 _aS.E.
260 _aEstados Unidos
_bWILEY
_c1964
260 _aNEW YORK
300 _a456
650 _aECUACIONES DIFERENCIALES LINEALES
650 _aECUACIONES HIPERBOLICAS
650 _aECUACIONES SIMULTANEAS
650 _aGAUSS JORDAN
700 _aDORN, WILLIAM S.
942 _c01
010 _a44770
999 _c221435
_d221435